000 00754nam a2200217 a 4500
999 _c9212
_d9212
001 9212
003 BD-JhCC
005 20180311102341.0
008 180213b19171973bg |||| ||a| 000 0 ben d9848193310
035 _a(BD-JhCC) 9212
040 _aBD-JhCC
_dBD-JhCC
041 _aben
082 _a320.01
_bHAQ 1917
100 _aহক, আবুল কাসেম ফজলুল
245 _aবাট্র্রান্ড রাসেল রাজনৈতিক আদর্শ /
_cআবুল কাসেম ফজলুল হক (অনুদিত)
260 _aঢাকা :
_bবাংলা একাডেমী ,
_c1917.
300 _a95 p .:
_c22 cm
650 _aPolitical Science
942 _2ddc
_cBK